| 000 | 00969nam a22002897a 4500 | ||
|---|---|---|---|
| 003 | CHAP | ||
| 005 | 20220329140231.0 | ||
| 008 | 971013s1965 r 00010 d | ||
| 010 | _a48974 | ||
| 011 | _a49946 | ||
| 035 | _a54096 | ||
| 040 | _cCHAP | ||
| 090 | _aFolleto 7800 | ||
| 110 |
_aPerú. Leyes, decretos, etc. _9175433 |
||
| 245 |
_aMétodo para la valorización de tierras _b: de acuerdo a lo ordenado por el reglamento de valorizaciones de la ley No. 15037 |
||
| 260 |
_a(s.l.) : _bConsejo Nacional Agrario, _c(1965) |
||
| 300 | _a(s.p.) | ||
| 590 |
_aBATCH-UPD _b10 _c20130110 _lUCH01 _h1809 |
||
| 590 |
_aBATCH-UPD _b10 _c20130410 _lUCH01 _h1144 |
||
| 590 |
_aBATCH-UPD _b10 _c20130914 _lUCH01 _h2046 |
||
| 590 |
_aCONVERSION _b10 _c20130109 _lUCH01 _h1327 |
||
| 650 | 1 | 4 |
_aTierras _xAprovechamiento _xPerú. _9113085 |
| 650 | 1 | 4 |
_aTierras _xValoración. _9113268 |
| 901 | _aBK | ||
| 942 | _cFOLL | ||
| 949 |
_aFolleto 7800 _bBC _cFOLL _d-119561 _eTS1 _i54096 _mD _si |
||
| 999 |
_c48974 _d48974 |
||